The organization of research establishment / (Record no. 127320)

MARC details
000 -LEADER
fixed length control field 00633nam a22002177a 4500
005 - DATE AND TIME OF LATEST TRANSACTION
control field 20170124110023.0
010 ## - LIBRARY OF CONGRESS CONTROL NUMBER
LC control number A-834987
020 ## - INTERNATIONAL STANDARD BOOK NUMBER
Terms of availability 400.00
035 ## - SYSTEM CONTROL NUMBER
System control number A-834987
037 ## - SOURCE OF ACQUISITION
Source of stock number/acquisition Cen Lib/Ret
040 ## - CATALOGING SOURCE
Original cataloging agency DPL
Language of cataloging EN
082 ## - DEWEY DECIMAL CLASSIFICATION NUMBER
Classification number 606
Item number ORG
245 ## - TITLE STATEMENT
Title The organization of research establishment /
Statement of responsibility, etc edited by Sir John Cockcroft
260 ## - PUBLICATION, DISTRIBUTION, ETC. (IMPRINT)
Place of publication, distribution, etc London
Name of publisher, distributor, etc Cambridge University Press
Date of publication, distribution, etc 1965
270 ## - ADDRESS
Address Bentley House, 200 Euston Road
City London
Postal code N.W.1
300 ## - PHYSICAL DESCRIPTION
Extent 275p. :
Dimensions 21cm(Hb)
500 ## - GENERAL NOTE
General note Includes index.
650 ## - SUBJECT ADDED ENTRY--TOPICAL TERM
Topical term or geographic name as entry element Technology
9 (RLIN) 3711
650 ## - SUBJECT ADDED ENTRY--TOPICAL TERM
Topical term or geographic name as entry element Research
9 (RLIN) 21774
942 ## - ADDED ENTRY ELEMENTS (KOHA)
Source of classification or shelving scheme Dewey Decimal Classification
Koha item type English Books
Classification part 606
Call number suffix ORG
Holdings
Withdrawn status Lost status Damaged status Not for loan Home library Current library Date acquired Source of acquisition Cost, normal purchase price Total Checkouts Full call number Barcode Date last seen Copy number Cost, replacement price Price effective from Koha item type Public note
Written off       Central Library Central Library 29/06/2015 Cen Lib/Ret 400.00   606 ORG A-834987 29/06/2015 1 400.00 29/06/2015 English Books Written off on approval by DLB (By Circulation); dtd 15-06-2023

© Delhi Public Library
Hit Counter
free hit counter